=LDR 00000nam 2200000 4500 =001 INLIS000000000021097 =005 20130612120005 =008 ***********************************Ind** =035 ##$$0010-061300000021097 =041 ##$$a Ind =082 ##$$a 959.8 =090 ##$$a 959.8, Sej s =245 ##$$a Sejarah SMU kelas 3 catuewulan 1, Dra. Djumijati...[et.al] =260 ##$$a 1997 $b Semarang =300 ##$$a viii, 137 hlm, ilus, 21 cm =650 ##$$a Sejarah =850 ##$$a NBPNMAT =990 ##$$a 0001/BPAP-NTB/2016 =990 ##$$a 70667066 =990 ##$$a 0001/BPAP-NTB/2016 =990 ##$$a 00047034 =990 ##$$a 93.497/Pb.96 =990 ##$$a 01201807066